000 00461nam a22001097a 4500
008 150622b xxu||||| |||| 00| 0 eng d
010 _8HCCRSF: 006
245 _aHIGH COURT CRIMINAL SESSION No. of 1970 Uganda Vs Konbantino Okio
260 _8High Court Kampala
500 _3(original criminal Case No. MK.377 of 1969 in the chief Magistrate's court of Gulu at Kitgum Before: His Worship R. Seebugwawo, Esq.,C.M)
500 _3Before: Hon. Mr. Justice W.H. Goudie
999 _c6575
_d6575